| 000 | 00967cad a22002415a 4500 | ||
|---|---|---|---|
| 001 | L160171 | ||
| 008 | 181008s2018 xxk f 000 0 eng d | ||
| 020 | _a9781315171524 | ||
| 035 | _a(Sirsi) u160171 | ||
| 041 | 0 | _aeng | |
| 100 | 1 | _aStaiger, Roger | |
| 245 | 0 | 0 |
_aFoundations of real estate financial modelling _h[electronic resource] |
| 250 | _a2nd ed | ||
| 260 |
_aLondon _bTaylor and Francis _c2018 |
||
| 300 | _aeBook | ||
| 520 | _aLooks at the basic of real estate finance theory prior to providing a step-by-step on financial real estate model construction using Excel. Includes interest rates, amortization, single and multi-family unit, development module, rent roll module and hotel, retail, office and town house. | ||
| 590 | _aKA | ||
| 650 | 2 | 4 | _aEBOOK |
| 651 | 4 | _aENGLAND AND WALES | |
| 690 | _aFinance and taxation | ||
| 856 | 4 | 8 |
_uhttps://www.vlebooks.com/ _zView on VLEbooks. Logins for members only from [email protected] |
| 942 | _n0 | ||
| 999 |
_c116257 _d116257 |
||